000 00397nam a2200157Ia 4500
008 230718s9999 xx 000 0 und d
041 _aeng
082 _a623.92
_bROB
100 _aRoberts G.D.
_9169804
245 _aShantaram
260 _c2009
_bAbacus
300 _a933
365 _cRs.
_b495.00
700 _aRoberts G.D.
_9169804
906 _dO:0019301-Aug-2009B:91118-Jul-2009
_cGENRL
_b99
999 _c322032
_d322032